| 000 | 01432nam a22002297a 4500 | ||
|---|---|---|---|
| 003 | OSt | ||
| 005 | 20250509172506.0 | ||
| 008 | 250509b ||||| |||| 00| 0 spa d | ||
| 040 | _cCO-Mq BPB | ||
| 041 | _aspa | ||
| 082 |
_aAN _bACHt |
||
| 100 |
_aAchebe, Chinua _d1930-2013 _eautor |
||
| 245 | _aTodo se desmorona | ||
| 264 |
_aBogotá; _bPenguin Random House, _c2012 |
||
| 300 |
_a206 páginas; _bTapa rustica _c19 cm |
||
| 521 | _aLa novela poscolonialista por excelencia. Una de las grandes obras del siglo XX. La tragedia personal y colectiva de un poderoso guerrero Ibo que ve cómo todo su mundo se viene abajo con la llegada del hombre blanco.Okonkwo es un gran guerrero, cuya fama se extiende por todo el África Occidental, pero al matar por accidente a un prohombre de su clan es obligado a expiar su culpa con el sacrificio de su hijastro y el exilio. Cuando por fin puede regresar a su aldea, la encuentra repleta de misioneros y gobernadores británicos. Su mundo se desmorona, y él no puede más que precipitarse hacia la tragedia. Esta apasionada parábola sobre un hombre orgulloso que, desamparado, presencia la ruina de su pueblo fue publicada en 1958, y desde entonces ha vendido más de diez millones de ejemplares en cuarenta y cinco idiomas. | ||
| 650 | _a Ficción literaria | ||
| 650 | _aGuerreros | ||
| 650 | _aTragedia | ||
| 700 |
_aÁlvarez Flórez, José Manuel _etraductor |
||
| 942 |
_2ddc _cBKLIT |
||
| 999 |
_c15948 _d15948 |
||